Hindu Astronomy (Record no. 396)

MARC details
000 -LEADER
fixed length control field 00468nam a2200157Ia 4500
003 - CONTROL NUMBER IDENTIFIER
control field IN-BaIIA
008 - FIXED-LENGTH DATA ELEMENTS--GENERAL INFORMATION
fixed length control field 211028s9999 xx 000 0 eng d
040 ## - CATALOGING SOURCE
Transcribing agency IIA Library
080 ## - UNIVERSAL DECIMAL CLASSIFICATION NUMBER
Universal Decimal Classification number 52(091)
Item number KAY
100 ## - MAIN ENTRY--PERSONAL NAME
Personal name Kaye,G. R.
9 (RLIN) 897
245 #0 - TITLE STATEMENT
Title Hindu Astronomy
Statement of responsibility, etc. G. R. Kaye
260 ## - PUBLICATION, DISTRIBUTION, ETC.
Place of publication, distribution, etc. Calcutta
Name of publisher, distributor, etc. Central Publication Branch
Date of publication, distribution, etc. 1924
300 ## - PHYSICAL DESCRIPTION
Extent ii, 134p
650 ## - SUBJECT ADDED ENTRY--TOPICAL TERM
Topical term or geographic name entry element Hindu Astronomy
9 (RLIN) 898
942 ## - ADDED ENTRY ELEMENTS (KOHA)
Koha item type Books
Holdings
Withdrawn status Lost status Damaged status Not for loan Home library Current library Shelving location Date acquired Total Checkouts Full call number Barcode Date last seen Price effective from Koha item type
        IIA Library-Bangalore IIA Library-Bangalore General Stacks     52(091)/ KAY 390 05/11/2021   Books

Powered by Koha